000 00272nam a22001217a 4500
008 260225b ||||| |||| 00| 0 eng d
041 _ashqip
080 _a2.1
100 _a20.1
101 _aDokumentar
245 _aSelia e Shejtë Kriza në Kosovë
942 _2lcc
_cBK
999 _c60851
_d60851